=LDR 00000nam 2200000 4500 =001 INLIS000000000023642 =005 20230411015041 =035 ##$$a 0010-061300000023642 =008 230411################g##########1#ind## =041 ##$$a Ind =082 ##$$a R.2X0.000 3 =090 ##$$a R.2X0.000, Gla e =100 ##$$a Glasse, Cyril =245 1#$$a Ensiklopedi islam /$c Cyril Glasse =260 ##$$a Jakarta :$b Raja Grafindo Persada,$c 2002 =300 ##$$a x, 490 hlm. ; $c 29 x 20 cm. =650 #4$$a Islam - ensiklopedi =850 ##$$a NBPNMAT =020 ##$$a 979-421-604-6 =084 ##$$a R.2X0.000 3 GLA e =250 ##$$a Cet.3 =520 ##$$a Bibliografi hlm. 487-490 =990 ##$$a 18711871 =990 ##$$a 18711871 =990 ##$$a 18711871 =990 ##$$a 18711871 =990 ##$$a 40600829 =990 ##$$a 3200603233 =990 ##$$a 3200603234 =990 ##$$a 3200603235 =990 ##$$a 40600827 =990 ##$$a 3200603233 =990 ##$$a 3200603234 =990 ##$$a 40600829 =990 ##$$a 40600830 =990 ##$$a 3200603233 =990 ##$$a 40600827 =990 ##$$a 40600829 =990 ##$$a 40600828 =990 ##$$a 3200603233 =990 ##$$a 40600830 =990 ##$$a 40600827 =990 ##$$a 40600829